Geography Quiz

Random Geography or City Quiz

World's Largest Portuguese Speaking Cities Quiz Stats

 Plays Quiz not verified by Sporcle

Challenge
Share
Tweet
Embed
Score 0/22 Timer 06:00
3 Plays Today
Population City % Correct
2,550,000Lisbon
97.6%
12,600,000Rio de Janeiro
96.2%
20,900,000São Paulo
95.8%
3,850,000Brasília
87.4%
1,230,000Porto
83.5%
5,900,000Belo Horizonte
67.7%
3,100,000Luanda
62.8%
3,950,000Salvador
62.6%
3,900,000Recife
62.4%
4,125,000Porto Alegre
59.6%
1,750,000Manaus
57.4%
Population City % Correct
1,910,000Maputo
53.4%
3,725,000Fortaleza
49%
2,200,000Belém
45.4%
3,400,000Curitiba
42%
1,260,000Natal
28%
2,825,000Campinas
24.7%
2,175,000Goiânia
22.3%
1,310,000São Luís
20.3%
1,710,000Santos
16.6%
1,740,000Vitória
15.3%
1,200,000Maceió
12.7%

You're not logged in!

Compare scores with friends on all Sporcle quizzes.
OR
Log In

You Might Also Like...

Show Comments

Extras

Top Quizzes Today


Score Distribution

Your Account Isn't Verified!

In order to create a playlist on Sporcle, you need to verify the email address you used during registration. Go to your Sporcle Settings to finish the process.

Report this User

Report this user for behavior that violates our Community Guidelines.

Details: